Kazuo Ishiguro Novels Quiz Stats

 Plays Quiz Updated Jan 26, 2020

Support Sporcle.
Go Orange.
Score 0/7 Timer 05:00
0 Plays Today
Year Novel % Correct
1989The Remains of the Day
85.1%
2005Never Let Me Go
78.3%
2015The Buried Giant
48.5%
1986An Artist of the Floating World
36.3%
1982A Pale View of Hills
34.7%
1995The Unconsoled
34.1%
2000When We Were Orphans
33.7%

From the Vault

Christmas Acrostic Puzzle

by bhenderson79

Holiday 8m
Solving this puzzle might get you removed from the naughty list.
Remove Ads.
Support Sporcle.
Get the best of Sporcle when you Go Orange. This ad-free experience offers more features, more stats, and more fun while also helping to support Sporcle. Thank you for becoming a member.

Show Comments

Extras

Top Quizzes Today


Score Distribution

Your Account Isn't Verified!

In order to create a playlist on Sporcle, you need to verify the email address you used during registration. Go to your Sporcle Settings to finish the process.

Report this User

Report this user for behavior that violates our Community Guidelines.

Details: